000 00415 a2200169 4500
001 73422
020 _a9788578527730
040 _cAnchieta - Colégio São Paulo
100 _aPereira, Maria Aparecida da Silva Arcanjo
240 1 0 _aLiteratura Portuguesa I
_lpor
245 1 0 _aLiteratura Portuguesa I
300 _a52
362 0 _a2005
440 1 _aPositivo
650 4 _aLiteratura brasileira
942 _cBK
999 _c73422
_d73422